[Event "San Vicente Terminal-A"]
[Site "Concepcion"]
[Date "2021.11.14"]
[Round "5"]
[White "Saez Hermosilla, Carlos"]
[Black "Alarcon Mondrus, Rodrigo"]
[Result "1/2-1/2"]
[WhiteElo "2090"]
[BlackElo "2070"]
[PlyCount "20"]
[EventDate "2021.11.13"]
[EventType "tourn"]
[EventRounds "5"]
[EventCountry "CHI"]
[SourceTitle "EXT 2023"]
[Source "ChessBase"]
[SourceDate "2022.10.05"]
[SourceVersion "1"]
[SourceVersionDate "2022.10.05"]
[SourceQuality "1"]

1. Nf3 d5 2. d4 Nf6 3. Bf4 Bf5 4. e3 e6 5. Nbd2 Bd6 6. Bg3 h6 7. c3 0-0 8. Qb3 b6 9. Be2 Qe7 10. 0-0 Nbd7 1/2-1/2

[Event "San Vicente Terminal-A"]
[Site "Concepcion"]
[Date "2021.11.13"]
[Round "3"]
[White "Saez Hermosilla, Carlos"]
[Black "Farfan Ortiz, Victor"]
[Result "0-1"]
[WhiteElo "2090"]
[BlackElo "2099"]
[PlyCount "136"]
[EventDate "2021.11.13"]
[EventType "tourn"]
[EventRounds "5"]
[EventCountry "CHI"]
[SourceTitle "EXT 2023"]
[Source "ChessBase"]
[SourceDate "2022.10.05"]
[SourceVersion "1"]
[SourceVersionDate "2022.10.05"]
[SourceQuality "1"]

1. Nf3 c5 2. b3 Nc6 3. c4 e5 4. Nc3 g6 5. Bb2 Bg7 6. d3 d6 7. e3 Nge7 8. a3 h6 9. Be2 Be6 10. Qc2 Rc8 11. e4 Nd4 12. Nxd4 cxd4 13. Nb1 0-0 14. Qd1 f5 15. Nd2 fxe4 16. dxe4 Qd7 17. h4 h5 18. Nf3 Bg4 19. Ng5 Bxe2 20. Qxe2 a6 21. 0-0 Bf6 22. Rad1 Nc6 23. Bc1 Na5 24. Rd3 b5 25. cxb5 Qxb5 26. b4 Nb3 27. Bb2 a5 28. Qd1 a4 29. f4 Bxg5 30. hxg5 exf4 31. Bxd4 Rc1 32. Qf3 Rxf1+ 33. Qxf1 f3 34. Bf6 fxg2 35. Kxg2 Rc8 36. Rc3 Qxf1+ 37. Kxf1 Nd2+ 38. Ke2 Rxc3 39. Bxc3 Nxe4 40. Bf6 h4 41. Ke3 h3 42. Kf3 Kf7 43. b5 Ke6 44. Bd4 Kd5 45. Be3 Nc3 46. b6 Kc6 47. Kg3 Nd5 48. b7 Kxb7 49. Bd2 Kc6 50. Kxh3 Kc5 51. Kg3 Kd4 52. Kf3 Kd3 53. Be1 Nb6 54. Bb4 Nc4 55. Kf4 Kd4 56. Kf3 Ke5 57. Kg4 Ke4 58. Kg3 d5 59. Kf2 d4 60. Ke2 Ne5 61. Kd1 Kd3 62. Bd6 Nc4 63. Bb4 Ke4 64. Ke2 d3+ 65. Kf2 Ne5 66. Bc5 Nf3 67. Bd6 Nd4 68. Be7 d2 0-1

[Event "San Vicente Terminal-A"]
[Site "Concepcion"]
[Date "2021.11.13"]
[Round "2"]
[White "Vasquez Toledo, Cristian"]
[Black "Saez Hermosilla, Carlos"]
[Result "0-1"]
[WhiteElo "2134"]
[BlackElo "2090"]
[PlyCount "66"]
[EventDate "2021.11.13"]
[EventType "tourn"]
[EventRounds "5"]
[EventCountry "CHI"]
[SourceTitle "EXT 2023"]
[Source "ChessBase"]
[SourceDate "2022.10.05"]
[SourceVersion "1"]
[SourceVersionDate "2022.10.05"]
[SourceQuality "1"]

1. e4 c5 2. Nf3 d6 3. d4 cxd4 4. Nxd4 Nf6 5. Nc3 a6 6. Be3 e6 7. f3 b5 8. a3 Nbd7 9. g4 h6 10. Qd2 Bb7 11. 0-0-0 d5 12. exd5 Nxd5 13. Nxd5 Bxd5 14. Be2 Qc7 15. h4 Nb6 16. Kb1 Nc4 17. Bxc4 Qxc4 18. Nb3 b4 19. axb4 Bxb4 20. Qd4 Rc8 21. Qxc4 Rxc4 22. Rhf1 h5 23. Nd4 hxg4 24. b3 Rc7 25. Rg1 Rxh4 26. c4 Bb7 27. Bg5 Rh5 28. Rxg4 Rd7 29. Rdg1 Bc5 30. Be3 g6 31. Nc2 Bxe3 32. Nxe3 Rd3 33. Re1 Re5 0-1

[Event "Santiago Fenach 07"]
[Site "Santiago de Chile"]
[Date "2007.08.05"]
[Round "7"]
[White "Gallardo Soto, Eduardo"]
[Black "Saez Hermosilla, Carlos"]
[Result "1-0"]
[WhiteElo "2107"]
[BlackElo "2161"]
[PlyCount "75"]
[EventDate "2007.07.21"]
[EventType "tourn"]
[EventRounds "9"]
[EventCountry "CHI"]
[SourceTitle "EXT 2008"]
[Source "ChessBase"]
[SourceDate "2007.11.25"]
[SourceVersion "1"]
[SourceVersionDate "2007.11.25"]
[SourceQuality "1"]

1. e4 c5 2. Nf3 e6 3. d4 cxd4 4. Nxd4 a6 5. Bd3 Ne7 6. 0-0 Nec6 7. Be3 d5 8. exd5 Qxd5 9. Nc3 Qa5 10. a3 Nxd4 11. Bxd4 Nc6 12. Be4 Nxd4 13. Qxd4 Qc5 14. Qa4+ Bd7 15. Qb3 Rb8 16. Rad1 Bd6 17. Rfe1 Qc7 18. Nd5 Qc5 19. Ne3 Be7 20. Qd3 Bb5 21. c4 Rd8 22. Qc2 Rxd1 23. Rxd1 Bc6 24. Bd3 a5 25. Rb1 a4 26. Nd1 h6 27. Nc3 Qa5 28. Be4 Bxe4 29. Qxe4 Bxa3 30. Nb5 Bc5 31. Qe5 Qb6 32. Qxg7 Bxf2+ 33. Kh1 Rf8 34. Rd1 Bc5 35. Qe5 f6 36. Nc7+ Ke7 37. Nd5+ Ke8 38. Qh5+ 1-0